Widok standardowy
Widok MARC
Pozycja Corporate Name
Liczba rekordów, w których użyto hasła: 1
001 - Numer kontrolny
- control field: 39761
003 - Identyfikator numeru kontrolnego
- control field: NUKAT
005 - Data i czas ostatniej modyfikacji
- control field: 20260409122753.0
008 - Dane kontrolne kodowane (40 znaków)
- fixed length control field: 010717n||aaznnbabn |a ana |c
010 ## - Numer kontrolny Biblioteki Kongresu
- numer kontrolny LC: s 01122541
040 ## - Instytucja sporządzająca rekord
- inst. przygot. dane do rek. khw: WR U/JH
- język haseł przedmiotowych/tezaurus: kaba
- inst. wprow. rek. khw: WR U/JH
- inst. modyf. rek. khw: WA U/MKK
110 1# - Hasło - nazwa ciała zbiorowego
- nazwa ciała zbior. lub geogr. na pocz.: Polska.
- nazwa jednostki podrzędnej: Senat Rzeczypospolitej Polskiej (1989- )
- określnik formy: sprawozdania z obrad.